Länder mit den Freundlichsten Menschen - Statistiken

Allgemein
  • Dieses Quiz wurde 53 mal gespielt
  • Das Durchschnittsergebnis liegt bei 4 aus 10
Antwortstatistiken
ranking Antwort % Korrekt
3 Mexiko
80%
5 Brasilien
64%
8 Thailand
49%
1 Indonesien
42%
2 Kolumbien
40%
4 Philippinen
40%
10 Vietnam
40%
6 Panama
24%
7 Oman
9%
9 Kenia
0%
Keine übereinstimmenden Quizze gefunden
Verteilung der Resultate
Anzahl Personen mit jedem Resultat
Perzentil nach korrekt beantworteten Fragen
Ihre Resultats-Entwicklung
Sie haben dieses Quiz noch nicht gespielt